Enric Miralles, obra completa

Saved in:
Bibliografiske detaljer
Hovedforfatter: Lahuerta Alsina, Juan José (Author)
Format: Bog
Sprog:spansk
Udgivet: Madrid Electa 1996
Serier:Documentos de Arquitectura
Fag:
Tags: Tilføj Tag
Ingen Tags, Vær først til at tagge denne postø!

MARC

LEADER 00000nam a2200000 a 4500
001 UCL6058
003 CL-VaPUC
008 040326e19960000SP |||||||||||||||||spa|d
020 |a 8481561215 
082 0 4 |a 720.946  |b LAH  |2 21 
100 |a Lahuerta Alsina, Juan José  |e author  |9 559820 
245 1 0 |a Enric Miralles, obra completa 
300 |a 291 p 
942 |c BK 
945 |d 20040326 00:00:00  |a cmena 
260 |a Madrid  |b Electa  |c 1996 
600 0 |a Miralles, Enric,  |d 1955-2000  |9 483818 
650 0 |a Arquitectura española  |9 341294 
650 0 |a Arquitectos españoles  |9 350193 
650 0 |a Diseño arquitectónico   |9 265271 
583 |a last modification  |c 20040326 00:00:00  |k Rodrigo Vera 
490 0 |a Documentos de Arquitectura 
999 |c 308346  |d 308344 
952 |0 0  |1 0  |4 0  |6 720_946000000000000_LAH_1996  |7 0  |8 A  |9 374782  |a BIBARQ  |b BIBARQ  |d 2019-11-21  |i 3981347  |l 8  |o 720.946 LAH 1996  |p 3981347  |r 2025-01-20  |s 2024-05-27  |w 2019-11-21  |y BK  |k ARQ